Spell the Marvel Character #114 - Statistics

General Stats
  • This quiz has been taken 24 times
  • The average score is 9 of 13
Answer Stats
Picture Answer % Correct
Ant-Man
100%
Black Widow
100%
Howard the Duck
95%
Captain Marvel
85%
Nova
85%
Armor
65%
Ka-Zar
60%
Polaris
60%
Thena
60%
Black Panther
55%
Enigma
45%
Lightspeed
45%
Red Wolf
30%
No matching quizzes found
Score Distribution
Percent of People with Each Score
Percentile by Number Answered
Your Score History
You have not taken this quiz